Renovación permanente

Bibliographic Details
Main Author: Riabusin, A. V.
Other Authors: Moya Tasquer, Rolando (Director)
Format: Article
Language:Spanish
Subjects:

MARC

LEADER 00000csb a2200000 a 4500
005 20230711123007.0
008 000000| ||||||||r|||||||||||spa||
040 |b spa 
041 1 |a spa 
082 0 |a 720.5  |b M924t 
100 1 |a Riabusin, A. V.  |9 181580 
245 |a Renovación permanente  |c A. V. Riabusin  |h imp 
264 |a Quito  |b Fraga  |c Agosto 1982 
300 |a páginas: 72-78  |b ilu  |c 30 cm 
310 |a Trimestral 
362 |a no. 27 (agosto 1982) 
650 1 7 |a Renovación urbana  |9 103066 
650 1 7 |a Urbanismo  |9 110 
650 1 0 |a Revista de Arquitectura  |9 153404 
773 0 |0 74815  |9 74815  |a Riabusin, A. V. Moya Tasquer, Rolando   |d Quito Fraga Agosto 1982  |o 74815  |w 74815  |t Trama. Revista de arquitectura  |6 74815 
700 1 |9 183807  |a Moya Tasquer, Rolando  |e director 
852 |a UC-CDJBV  |c TERCER PISO (SECCION REVISTAS)  |f Compra  |k lucia.mora  |l 1  |m General  |p 00000000  |r 2  |b 0  |d CDRC  |e CDRC  |g 720.5 M924t TERCER PISO (SECCION REVISTAS)  |z 0000-00-00 
942 |c SERA 
999 |c 98869  |d 98869 
773 0 |0 99170  |9 95347  |a Ediciones Trama.  |o 74815-27  |t Trama: